Southville International School and Colleges
Your cart is empty.
  • Cart
  • Lists
    Public lists Eva Luna New books Lux_list list_1
    Your lists Log in to create your own lists
  • Log in to your account
  • Your cookies
  • Search history
Southville International School and Colleges
  • Advanced search
  • Recent comments
  • Most popular
  • Libraries

Log in to your account

Log in with GOOGLE


If you do not have an external account, but do have a local account, you can still log in:

  1. Home
  2. MARC view: Rough as guts
Normal view MARC view ISBD view

Rough as guts (Record no. 15306)

[ view plain ]
MARC details
000 -LEADER
fixed length control field 00863cam a2200313 i 4500
001 - CONTROL NUMBER
control field 805268
003 - CONTROL NUMBER IDENTIFIER
control field OSt
005 - DATE AND TIME OF LATEST TRANSACTION
control field 20140310182718.0
008 - FIXED-LENGTH DATA ELEMENTS--GENERAL INFORMATION
fixed length control field 750916s1973 at a 000 0 eng
010 ## - LIBRARY OF CONGRESS CONTROL NUMBER
LC control number 75324445
015 ## - NATIONAL BIBLIOGRAPHY NUMBER
National bibliography number Aus***
020 ## - INTERNATIONAL STANDARD BOOK NUMBER
International Standard Book Number 85895088X
040 ## - CATALOGING SOURCE
Original cataloging agency DLC
Transcribing agency DLC
Modifying agency DLC
043 ## - GEOGRAPHIC AREA CODE
Geographic area code u-at---
050 00 - LIBRARY OF CONGRESS CALL NUMBER
Classification number DU 93
Item number .B146 1973
082 00 - DEWEY DECIMAL CLASSIFICATION NUMBER
Classification number M 919.404
Item number B14 1973
100 1# - MAIN ENTRY--PERSONAL NAME
Personal name Baglin, Douglass.
245 10 - TITLE STATEMENT
Title Rough as guts
Statement of responsibility, etc Baglin, Douglass, Mullins, Barbara
260 ## - PUBLICATION, DISTRIBUTION, ETC. (IMPRINT)
Place of publication, distribution, etc Singapore :
Name of publisher, distributor, etc Eclipse Books,
300 ## - PHYSICAL DESCRIPTION
Extent 62 p.
Other physical details chiefly ill. (some col.) ;
Dimensions 22 cm.
521 ## - TARGET AUDIENCE NOTE
Target audience note
526 ## - STUDY PROGRAM INFORMATION NOTE
Reading level 1210L-1700L
541 ## - IMMEDIATE SOURCE OF ACQUISITION NOTE
-- 1
562 ## - COPY AND VERSION IDENTIFICATION NOTE
Number of copies 1
651 #0 - SUBJECT ADDED ENTRY--GEOGRAPHIC NAME
Geographic name Australia
General subdivision Pictorial works.
700 1# - ADDED ENTRY--PERSONAL NAME
Personal name Mullins, Barbara G.,
Relator term joint author.
906 ## - LOCAL DATA ELEMENT F, LDF (RLIN)
a 7
b cbc
c orignew
d 3
e ncip
f 19
g y-gencatlg
942 ## - ADDED ENTRY ELEMENTS (KOHA)
Source of classification or shelving scheme Library of Congress Classification
Koha item type Books
Call number prefix
Holdings
Withdrawn status Lost status Source of classification or shelving scheme Damaged status Home library Current library Shelving location Date acquired Source of acquisition Total Checkouts Full call number Barcode Date last seen Copy number Price effective from Koha item type
    Library of Congress Classification   Archives Archives   04/20/2012 Donation   DU 93 .B146 1973 C5582 05/15/2018 1 11/14/2013 Books

Rough as guts

APA

Baglin D., Mullins B. G., .Rough as guts. Singapore: Eclipse Books.

Chicago

Baglin Douglass, Mullins Barbara G, .Rough as guts. Singapore: Eclipse Books.

Harvard

Baglin D., Mullins B. G., .Rough as guts. Singapore: Eclipse Books.

MLA

Baglin Douglass, Mullins Barbara G, .Singapore: Eclipse Books. .

  • Place hold
  • Print
  • Cite
  • Add to your cart (remove)
  • Save record
    BIBTEX Dublin Core MARCXML MARC (non-Unicode/MARC-8) MARC (Unicode/UTF-8) MARC (Unicode/UTF-8, Standard) MODS (XML) RIS
  • More searches
    Search for this title in:
    Other Libraries (WorldCat) Other Databases (Google Scholar) Online Stores (Bookfinder.com) Open Library (openlibrary.org)

Exporting to Dublin Core...

SOUTHVILLE LIBRARY

Southville International School and Colleges Library

1281 Tropical Ave. Cor. Luxembourg St., BF Homes International, Las Pinas City

Tel. No. 8256374 / 252358 Loc. 117/146

Powered by Koha